All 2022 ATP Tournament Finals - Statistics

General Stats
  • This quiz has been taken 269 times
    131 since last reset
  • The average score is 95 of 136
Answer Stats
Tournament Category Finalists % Correct
Australian Open Grand Slam W Rafael Nadal
100%
Roland Garros Grand Slam W Rafael Nadal
100%
F Rafael Nadal
100%
Acapulco ATP 500 W Rafael Nadal
100%
Melbourne ATP 250 W Rafael Nadal
100%
F Daniil Medvedev
99%
F Daniil Medvedev
99%
F Daniil Medvedev
99%
Vienna ATP 500 W Daniil Medvedev
99%
F Daniil Medvedev
99%
Los Cabos ATP 250 W Daniil Medvedev
99%
Wimbledon Grand Slam W Novak Djokovic
99%
Rome Masters 1000 W Novak Djokovic
99%
F Novak Djokovic
99%
Turin ATP Finals W Novak Djokovic
99%
Astana ATP 500 W Novak Djokovic
99%
F Novak Djokovic
99%
Tel Aviv ATP 250 W Novak Djokovic
99%
F Alexander Zverev
98%
F Alexander Zverev
98%
US Open Grand Slam W Carlos Alcaraz
98%
Miami Masters 1000 W Carlos Alcaraz
98%
Madrid Masters 1000 W Carlos Alcaraz
98%
Rio de Janeiro ATP 500 W Carlos Alcaraz
98%
Barcelona ATP 500 W Carlos Alcaraz
98%
F Carlos Alcaraz
98%
F Carlos Alcaraz
98%
F Casper Ruud
97%
F Casper Ruud
97%
F Casper Ruud
97%
F Casper Ruud
97%
Buenos Aires ATP 250 W Casper Ruud
97%
Geneva ATP 250 W Casper Ruud
97%
Gstaad ATP 250 W Casper Ruud
97%
Umag ATP 250 W Jannik Sinner
97%
Monte Carlo Masters 1000 W Stefanos Tsitsipas
97%
F Stefanos Tsitsipas
97%
F Stefanos Tsitsipas
97%
F Stefanos Tsitsipas
97%
F Stefanos Tsitsipas
97%
Mallorca ATP 250 W Stefanos Tsitsipas
97%
F Stefanos Tsitsipas
97%
Dubai ATP 500 W Andrey Rublev
95%
Marseille ATP 250 W Andrey Rublev
95%
Belgrade ATP 250 W Andrey Rublev
95%
Gijón ATP 250 W Andrey Rublev
95%
Paris Masters 1000 W Holger Rune
93%
F Holger Rune
93%
Munich ATP 250 W Holger Rune
93%
F Holger Rune
93%
Stockholm ATP 250 W Holger Rune
93%
F Nick Kyrgios
92%
Washington ATP 500 W Nick Kyrgios
92%
Indian Wells Masters 1000 W Taylor Fritz
92%
Tokyo ATP 500 W Taylor Fritz
92%
Eastbourne ATP 250 W Taylor Fritz
92%
Queens ATP 500 W Matteo Berrettini
84%
Stuttgart ATP 250 W Matteo Berrettini
84%
F Matteo Berrettini
84%
F Matteo Berrettini
84%
F Frances Tiafoe
82%
F Frances Tiafoe
82%
F Hubert Hurkacz
82%
Halle ATP 500 W Hubert Hurkacz
82%
F Andy Murray
77%
F Andy Murray
77%
Rotterdam ATP 500 W Félix Auger-Aliassime
77%
Basel ATP 500 W Félix Auger-Aliassime
77%
F Félix Auger-Aliassime
77%
Florence ATP 250 W Félix Auger-Aliassime
77%
Antwerp ATP 250 W Félix Auger-Aliassime
77%
Montreal Masters 1000 W Pablo Carreño Busta
75%
F Pablo Carreño Busta
75%
Atlanta ATP 250 W Alex de Minaur
74%
Hamburg ATP 500 W Lorenzo Musetti
74%
Naples ATP 250 W Lorenzo Musetti
74%
Cincinnati Masters 1000 W Borna Ćorić
73%
Adelaide 1 ATP 250 W Gaël Monfils
73%
Delray Beach ATP 250 W Cameron Norrie
71%
Lyon ATP 250 W Cameron Norrie
71%
F Cameron Norrie
71%
F Marin Čilić
71%
F Karen Khachanov
70%
F Denis Shapovalov
63%
F Denis Shapovalov
63%
F Alejandro Davidovich Fokina
62%
Montpellier ATP 250 W Alexander Bublik
60%
F Alexander Bublik
60%
F Alexander Bublik
60%
F John Isner
59%
F Sebastián Báez
58%
Estoril ATP 250 W Sebastián Báez
58%
F Sebastián Báez
58%
Doha ATP 250 W Roberto Bautista Agut
56%
F Roberto Bautista Agut
56%
Kitzbuhel ATP 250 W Roberto Bautista Agut
56%
F Sebastian Korda
55%
F Sebastian Korda
55%
Metz ATP 250 W Lorenzo Sonego
53%
Bastad ATP 250 W Francisco Cerúndolo
52%
F Diego Schwartzman
49%
F Diego Schwartzman
49%
Dallas ATP 250 W Reilly Opelka
48%
F Reilly Opelka
48%
Houston ATP 250 W Reilly Opelka
48%
Winston-Salem ATP 250 W Adrian Mannarino
43%
F Yoshihito Nishioka
42%
Seoul ATP 250 W Yoshihito Nishioka
42%
Marrakech ATP 250 W David Goffin
41%
Adelaide 2 ATP 250 W Thanasi Kokkinakis
41%
Sydney ATP 250 W Aslan Karatsev
35%
F Botic van de Zandschulp
35%
's-Hertogenbosch ATP 250 W Tim van Rijthoven
34%
F Alejandro Tabilo
27%
F Laslo Djere
27%
F Maxime Cressy
27%
F Maxime Cressy
27%
Newport ATP 250 W Maxime Cressy
27%
F Marcos Giron
26%
San Diego ATP 250 W Brandon Nakashima
25%
F Filip Krajinović
24%
Cordoba ATP 250 W Albert Ramos-Viñolas
23%
F Nikoloz Basilashvili
23%
F Arthur Rinderknech
21%
F Jenson Brooksby
19%
F Jenson Brooksby
19%
F Jiří Veselý
19%
Pune ATP 250 W João Sousa
19%
F João Sousa
19%
Santiago ATP 250 W Pedro Martínez
16%
F Emil Ruusuvuori
15%
Sofia ATP 250 W Marc-Andrea Huesler
14%
F J.J. Wolf
10%
F Alex Molčan
9%
F Alex Molčan
9%
F Filip Misolic
9%
No matching quizzes found
Score Distribution
Percent of People with Each Score
Percentile by Number Answered
Your Score History
You have not taken this quiz since the last reset